Educación de la voluntad de los niños
Guardat en:
| Autor principal: | |
|---|---|
| Format: | Llibre |
| Idioma: | espanyol |
| Publicat: |
Santiago
CPEIP
1993
|
| Col·lecció: | Documento de Estudio, 19
|
| Matèries: | |
| Etiquetes: |
Afegir etiqueta
Sense etiquetes, Sigues el primer a etiquetar aquest registre!
|
MARC
| LEADER | 00000nam a2200000 a 4500 | ||
|---|---|---|---|
| 001 | UCX7635 | ||
| 003 | CL-VaPUC | ||
| 008 | 931222e19930000CL |||||||||||||||||spa|d | ||
| 082 | 0 | 4 | |a 370.114 |b TAK |2 21 |
| 100 | 0 | |a Taky Maragaño, Dina |e author |9 324542 | |
| 245 | 1 | 0 | |a Educación de la voluntad de los niños |
| 300 | |a 26 h | ||
| 942 | |c BK | ||
| 945 | |d 19931222 00:00:00 |a rbrito | ||
| 260 | |a Santiago |b CPEIP |c 1993 | ||
| 650 | 0 | |a Educación moral |9 308319 | |
| 650 | 0 | |a Voluntad |9 307812 | |
| 583 | |a last modification |c 19931222 00:00:00 |k Rodrigo Vera | ||
| 490 | 0 | |a Documento de Estudio, 19 | |
| 999 | |c 227410 |d 227408 | ||
| 952 | |0 0 |1 0 |4 0 |6 370_114000000000000_TAK_1993 |7 0 |8 P |9 226396 |a BIBEDU |b BIBEDU |c BIBEDU_PB |d 2019-11-15 |i 2955776 |o 370.114 TAK 1993 |p 2955776 |r 2024-01-25 |w 2019-11-15 |y BK |k EDU | ||